| 000 | 01328cab a2200349 4500 | ||
|---|---|---|---|
| 001 | ABS58905 | ||
| 008 | 090401t1998 xxu||||| |||| 00| 0 eng d | ||
| 035 | _a(Sirsi) u87051 | ||
| 041 | _aeng | ||
| 100 | _aBattersby, G. | ||
| 245 | 4 | _aThe impact of the Trusts of Land and Appointment of Trustees Act 1996 on purchasers of registered land | |
| 260 | _c1998 | ||
| 350 | _a0 | ||
| 490 |
_aThe Conveyancer _v(62) May/June 1998, 168-188(21) |
||
| 520 | _aDiscusses the Trusts of Land and Appointment of Trustees Act 1996, concentrating on the effects of s6 in conferring wide powers of disposition on the trustees, the effect of s8 in providing for the exclusion or qualification of those powers and, the s16 which is concerned with the position of purchasers of registered land. References. | ||
| 650 | _aACTUAL NOTICE | ||
| 650 | _aBENEFICIARIES | ||
| 650 | _aDISPOSITION | ||
| 650 | _aLAND REGISTRATION ACT 1925 S18 | ||
| 650 | _aLAW OF PROPERTY (JOINT TENANTS) ACT 1964 | ||
| 650 | _aPOWERS | ||
| 650 | _aPROTECTION OF PURCHASERS | ||
| 650 | _aPURCHASERS | ||
| 650 | _aREGISTERED LAND | ||
| 650 | _aSETTLED LAND TRUST | ||
| 650 | _aTRUST FOR SALE | ||
| 650 | _aTRUSTS OF LAND AND APPOINTMENT OF TRUSTEES ACT 1996 | ||
| 690 | _aLAND | ||
| 700 | _aFerris, G. | ||
| 942 | _n0 | ||
| 948 | _c26/06/1998 | ||
| 999 |
_c54848 _d54848 |
||